| 000 | 00385nam a2200157Ia 4500 | ||
|---|---|---|---|
| 008 | 230917s9999||||xx |||||||||||||| ||und|| | ||
| 020 | _cPON0.85 | ||
| 040 |
_e12770 _aMAIN |
||
| 041 | _aEnglish | ||
| 082 | _a330.9 H332O | ||
| 100 | _aHay, J R | ||
| 245 | 0 | _aOrigins of the liberal welfare reforms 1906-1914 | |
| 260 |
_aLondon _bMacmillan _c1975 |
||
| 300 | _a78 p. | ||
| 942 | _cBK | ||
| 999 |
_c191028 _d191028 |
||